Quiz o świecie - Statystyki

Ogólne statystyki
  • Ten quiz został rozwiązany 911 razy
  • Średni wynik to 8 z 12
Statystyki odpowiedzi
Pytanie: Odpowiedź: % Poprawnych
Największy kontynent: Azja
99%
Najmniejszy kontynent: Australia/Oceania
95%
Najwyższa gora: Mount Everest
82%
Największy ocean: Ocean Spokojny
79%
Najdłuższa rzeka: Nil
77%
Największa pustynia piaszczysta: Sahara
77%
Największa wyspa: Grenlandia
72%
"Południowy zwrotnik": Zwrotnik Koziorożca
54%
"Północny zwrotnik": Zwrotnik Raka
54%
Największe jezioro: Morze Kaspijskie
43%
Największy półwysep: Półwysep Arabski
37%
Przybliżona długość równika (tysiące kilometrów): 40
34%
Nie znaleziono quizów pasujących do podanych kryteriów
Rozkład punktacji
Procent ludzi z każdym wynikiem
Percentyl według liczby udzielonych odpowiedzi
Twoja historia wyników
Nie rozwiązałeś tego quizu